000 00491nam a2200181 4500
001 117679
003 ES-MaACL
005 20250407063114.0
007 t|
008 070214s1981 sp r ||||1| cat d
100 1 _aPedrolo, Manuel de,
_d1918-1991
_989937
245 1 0 _aSuccessimultani /
_cManuel de Pedrolo.
250 _a[1ยช ed.].
260 _aBarcelona :
_bLaia,
_c1981.
300 _a227 p. ;
_c20 cm.
852 _aES-MaACL
_jL-525
_bR.101302
999 _c117679
_d117679